Oriental borrowings in the language of the byelorussian tatars

Elmentve itt :
Bibliográfiai részletek
Szerző: Akiner Shirin
Dokumentumtípus: Cikk
Megjelent: University College London London 1978
Sorozat:The Slavonic and East European review
Kulcsszavak:Tatár nyelv
Tárgyszavak:
Online Access:http://misc.bibl.u-szeged.hu/67607
LEADER 00765nab a2200217 i 4500
001 misc67607
005 20230210155913.0
008 220823s1978 hu o 0|| eng d
040 |a SZTE Miscellanea Repozitórium  |b hun 
041 |a eng 
100 1 |a Akiner Shirin 
245 1 0 |a Oriental borrowings in the language of the byelorussian tatars  |h [elektronikus dokumentum] /  |c  Akiner Shirin 
260 |a University College London  |b London  |c 1978 
300 |a 224-241  |c 25 cm 
490 0 |a The Slavonic and East European review 
561 |a Németh Gyula hagyaték 
591 |a XKEK 1910;OA 6981 
650 4 |a Bölcsészettudományok 
650 4 |a Nyelvek és irodalom 
695 |a Tatár nyelv 
856 4 0 |u http://misc.bibl.u-szeged.hu/67607/1/6981_oa.pdf  |z Dokumentum-elérés